Представление документа в формате MARC21

Поле Инд. ПП Название Значение
Тип записи m
Библиографический уровень m
001 Контрольный номер 0c5fc77a7ced4f0482381083e114a621
005 Дата корректировки 20260317120218.8
008 Кодируемые данные 260312|||||||||ru |||||||||||||||||rus||
020 a ISBN 978-5-907905-58-0
040 a Служба первич. каталог. DE
b Код языка каталог. rus
e Правила каталог. PSBO
084 a Индекс другой классификации/Индекс ББК 65.049(2Рос)
203 a Вид содержания Текст
c Тип средства электронный
245 10 a Заглавие Состояние и перспективы научно-технологической деятельности в Арктике на 2025 г.
b Продолж. заглавия информационно-аналитическое издание
c Ответственность Министерство науки и высшего образования Российской Федерации, Федеральное государственное автономное образовательное учреждение высшего образования "Мурманский арктический университет" ; ответственный редактор Е. А. Румянцева
h Физич. носитель Электронный ресурс
256 a Характеристики компьютерного файла Электрон. текстовые дан. (1 файл : 1,26 Мб)
260 a Место издания Мурманск
b Издательство МАУ
c Дата издания 2025
300 a Объем 107 с.
b Иллюстрации/ тип воспроизводства диагр., табл.
500 a Примечание Имеется печ. аналог 2026 г.
500 a Примечание Доступ из локальной сети Мурманского арктического университета. - Загл. с титул. экрана
500 a Примечание URL: https://elib.mauniver.ru/2026/MN_26_02.pdf
520 0_ a Аннотация Информационно-аналитическое издание содержит сведения о проведении научных исследований и реализации научно-технологических проектов в Арктической зоне Российской Федерации в 2025 г. Издание предназначено для руководителей федеральных, региональных и муниципальных органов исполнительной власти, научных фондов, иных организаций и агентств, принимающих решения в области управления научными и научно-технологическими исследованиями в российском секторе Арктики, а также для широкого круга руководящих работников в различных отраслях российской экономики. Работы проводились в рамках реализации проекта государственного задания Министерства науки и высшего образования Российской Федерации, паспорт проекта № 6555-25
583 x Служебное примечание Полнотекстовые документы
x Служебное примечание Труды преподавателей МАУ
651 _4 a Географическое наименование Арктика
653 0_ a Ключевые слова Научно-исследовательские проекты
a Ключевые слова Научно-исследовательская деятельность
a Ключевые слова Научно-технические разработки
a Ключевые слова Научные исследования
a Ключевые слова Электронные версии
700 12 a Другие авторы Румянцева Е. А.
e Роль лиц Составитель
700 12 a Другие авторы Скалабан Е. В.
e Роль лиц Составитель
700 12 a Другие авторы Ефименко Е. А.
e Роль лиц Составитель
700 12 a Другие авторы Лазарева И. М.
e Роль лиц Составитель
700 12 a Другие авторы Ляш И. И.
e Роль лиц Составитель
700 12 a Другие авторы Шестов Ю. В.
e Роль лиц Составитель
700 12 a Другие авторы Уксусов М. А.
e Роль лиц Составитель
700 12 a Другие авторы Позднякова Е. Р.
e Роль лиц Составитель
856 40 u URL https://elib.mauniver.ru/2026/MN_26_02.pdf
901 t Тип документа m